|
|
|
|
| LEADER |
00852nam a2200277 4500 |
| 001 |
DLU090090139 |
| 005 |
##20090526 |
| 040 |
# |
# |
|a DLU
|b vie
|
| 041 |
# |
# |
|a vie
|
| 044 |
# |
# |
|a vn
|
| 100 |
# |
# |
|a Trần Hồng Thanh,
|c ThS.
|
| 245 |
# |
# |
|a Về cơ chế giám sát việc giao kết hợp đồng bảo hiểm hàng hóa xuất, nhập khẩu có giá trị lớn /
|c Trần Hồng Thanh.
|
| 653 |
# |
# |
|a Bảo hiểm
|
| 653 |
# |
# |
|a Giám sát
|
| 653 |
# |
# |
|a Giao kết hợp đồng
|
| 653 |
# |
# |
|a Hàng hóa
|
| 773 |
# |
# |
|t Tòa án nhân dân
|g Số 21, 2005, tr. 22-25
|
| 920 |
# |
# |
|a Phòng Tạp chí -- Trung tâm Thông tin - Thư viện Trường Đại học Đà Lạt
|
| 994 |
# |
# |
|a DLU
|
| 900 |
# |
# |
|a True
|
| 911 |
# |
# |
|a Nguyễn Thị Mai Anh
|
| 925 |
# |
# |
|a G
|
| 926 |
# |
# |
|a A
|
| 927 |
# |
# |
|a BB
|
| 980 |
# |
# |
|a Thư viện Trường Đại học Đà Lạt
|